000 00983cam a2200265 a 4500
999 _c328540
_d328540
001 15646424
003 Nust
005 20170411151902.0
008 090304r20091898flu 000 1 eng
010 _a 2009008202
020 _a0804900450
040 _aDLC
_cDLC
_dDLC
050 0 0 _aPR5774
_b.W3 2009
082 0 0 _a823.912
_bWEL
100 1 _aWells, H. G.
_q(Herbert George),
_d1866-1946.
245 1 4 _aThe war of the worlds /
_cby H. G. Wells.
260 _aSt. Petersburg, Fla. :
_bRed and Black Publishers,
_c1964.
300 _a160 p. ;
_c23 cm.
650 0 _aImaginary wars and battles
_vFiction.
650 0 _aSpace warfare
_vFiction.
651 0 _aMars (Planet)
_vFiction.
655 7 _aScience fiction.
_2gsafd
655 7 _aWar stories.
_2gsafd
906 _a7
_bcbc
_corignew
_d1
_eecip
_f20
_gy-gencatlg
942 _2ddc
_cBK